| 000 | 00723cab a2200265 4500 | ||
|---|---|---|---|
| 001 | A372 | ||
| 008 | 090401t1983 xxu||||| |||| 00| 0 eng d | ||
| 035 | _a(Sirsi) u28773 | ||
| 041 | _aeng | ||
| 100 | _aCrosby, N. | ||
| 245 | 4 | _aThe investment method of valuation: a real value approach: 2 | |
| 260 | _c1983 | ||
| 350 | _a0 | ||
| 490 |
_aJournal of Valuation _v(1983) 2JV |
||
| 520 | _aPart 1 published vol 1 no 4, p341 (A232) | ||
| 650 | _aFREEHOLD INVESTMENTS | ||
| 650 | _aINVESTMENT METHOD | ||
| 650 | _aLEASEHOLD INVESTMENTS | ||
| 650 | _aLEASEHOLD VALUATIONS | ||
| 650 | _aREAL VALUE APPROACH | ||
| 650 | _aVALUATION METHODS | ||
| 690 | _aRATING AND VALUATION | ||
| 942 | _n0 | ||
| 948 | _c04/03/1997 | ||
| 999 |
_c19351 _d19351 |
||